The role of packaging in the U.S. economy ; report to the American Foundation for Management Research, inc.

Bibliographic Details
Corporate Authors: Arthur D. Little, Inc, American Foundation for Management Research
Format: Book
Language:English
Published: [Cambridge, Mass.], [publisher not identified] ; [1966]
Subjects:

MARC

Tag First Indicator Second Indicator Subfields
LEADER 00000cam a2200000 4500
001 in00000077362
005 20151008052729.0
008 740904s1966 mau 00000 eng u
010 |a  66008855  
035 |a (OCoLC)00997863 
035 |9 AAH4656AM 
040 |c TOL  |d TXA  |d UtOrBLW 
049 |a TXAM  |c 1 [462125], 2 [A09011217] 
050 0 0 |a HF5770  |b .L54 
092 |a 380.1  |b L778r 
110 2 |a Arthur D. Little, Inc. 
245 1 4 |a The role of packaging in the U.S. economy ;  |b report to the American Foundation for Management Research, inc. 
264 1 |a [Cambridge, Mass.],  |b [publisher not identified] ;  |c [1966] 
264 4 |c [©1966] 
300 |a 1 volume 
336 |a text  |b txt  |2 rdacontent 
337 |a unmediated  |b n  |2 rdamedia 
338 |a volume  |b nc  |2 rdacarrier 
650 0 |a Packaging. 
710 2 |a American Foundation for Management Research. 
999 |a MARS 
999 f f |s c39338c0-307d-34d2-997b-aec02c4c4346  |i 4e77b974-225d-3043-9901-94a80f3abfb3  |t 0 
952 f f |p ric  |a Texas A&M University  |b Rellis Campus  |c Joint Library Facility  |d Remote Storage  |t 0  |e HF5770 .L54  |h Library of Congress classification  |i unmediated -- volume  |m A14809011217 
952 f f |a Texas A&M University  |b College Station  |c Sterling C. Evans Library  |d Evans: Library Stacks  |t 0  |e HF5770 .L54  |h Library of Congress classification 
998 f f |a HF5770 .L54  |t 0  |l Evans: Library Stacks 
998 f f |a HF5770 .L54  |t 0  |l Remote Storage